000 00421nam a2200181Ia 4500
008 210210b1963 xxu||||| |||| 00| 0 eng d
041 _aeng
082 _a824/93
100 _aDODD (E F)
245 _aSix tales from Shakespeare
260 _aMadras
_bMacmillan & Co. Ltd.
_c1963
650 _atales
650 _aSix
650 _aShakespeare
650 _afrom
690 _aEnglish Criticism
906 _a014047
999 _c133133
_d133133